[Event "MCR mladeze 2014, D16"]
[Site "Kouty nad Desnou"]
[Date "2014.03.14"]
[Round "8"]
[White "Nova, Michaela"]
[Black "Bohanesova, Vendula"]
[Result "1-0"]
[WhiteElo "1640"]
[BlackElo "1651"]
[PlyCount "53"]
[EventDate "2014.03.08"]

1. e4 e6 2. d4 d5 3. Nd2 c5 4. exd5 Qxd5 5. Ngf3 cxd4 6. Bc4 Qc5 7. O-O Nf6 8.
Qe2 Nc6 9. Nb3 Qb6 10. Rd1 Bc5 11. Bb5 Bd7 12. Bxc6 Bxc6 13. Nfxd4 O-O-O 14.
Nxc5 Qxc5 15. Be3 Qd5 16. f3 b6 17. a4 Kb7 18. c4 Qd6 19. a5 Qb4 20. axb6 axb6
21. c5 Ba4 22. c6+ Bxc6 23. Qa6+ Kc7 24. Bf4+ Rd6 25. Bxd6+ Qxd6 26. Nb5+ Bxb5
27. Qa7+ 1-0

[Event "MCR mladeze 2014, D16"]
[Site "Kouty nad Desnou"]
[Date "2014.03.14"]
[Round "8"]
[White "Pychova, Nela"]
[Black "Hartingerova, Martina"]
[Result "1/2-1/2"]
[WhiteElo "1990"]
[BlackElo "1458"]
[PlyCount "165"]
[EventDate "2014.03.08"]

1. c4 e6 2. Nf3 Nf6 3. g3 d5 4. b3 Bd6 5. Bb2 Nbd7 6. Nc3 a6 7. Bg2 O-O 8. O-O
Nb6 9. d3 c5 10. e3 Qc7 11. Rc1 Bd7 12. Qc2 Rac8 13. Qb1 Bc6 14. Qa1 Rfe8 15.
a4 Nbd7 16. Rfd1 e5 17. cxd5 Nxd5 18. Ne4 Bf8 19. Ba3 Qb6 20. Nfd2 Nb4 21. Qb1
f5 22. Nc4 Qc7 23. Nc3 Bxg2 24. Kxg2 Qc6+ 25. Kg1 Nf6 26. Nd2 Rcd8 27. Bxb4
cxb4 28. Nce4 Qb6 29. Nc4 Qe6 30. Ng5 Qe7 31. Nf3 e4 32. Nd4 g6 33. Na5 Nd5 34.
Nac6 bxc6 35. Nxc6 Qg7 36. Nxd8 Rxd8 37. Qc2 Nc3 38. Rd2 Qd7 39. d4 Rc8 40. Kg2
Qd5 41. Rdd1 Rd8 42. Re1 Bh6 43. h3 a5 44. Kh2 g5 45. Rg1 Kh8 46. Rg2 f4 47.
Rf1 f3 48. Rgg1 Ne2 49. Rh1 Nc3 50. Rc1 Bf8 51. Rhe1 h5 52. Ra1 h4 53. Kh1 hxg3
54. fxg3 Qd6 55. Qf2 Ne2 56. Kh2 g4 57. Rxe2 fxe2 58. Qxe2 Qe6 59. Qc4 Qxc4 60.
bxc4 gxh3 61. Rb1 Rb8 62. Rb3 Kg7 63. Kxh3 Bd6 64. c5 Bc7 65. d5 Rd8 66. d6
Bxd6 67. cxd6 Rxd6 68. Kg4 Rd3 69. Rb2 Rxe3 70. Kf4 Ra3 71. Kxe4 Rxg3 72. Kd4
Kf6 73. Kc4 Ke6 74. Kb5 Rg5+ 75. Kb6 Kd6 76. Rd2+ Rd5 77. Re2 Re5 78. Rf2 Rd5
79. Re2 Kd7 80. Re3 Kd6 81. Re2 Kd7 82. Re3 Kd6 83. Re2 1/2-1/2

[Event "MCR mladeze 2014, D16"]
[Site "Kouty nad Desnou"]
[Date "2014.03.14"]
[Round "8"]
[White "Kubosova, Jana"]
[Black "Beluska, Tereza"]
[Result "1/2-1/2"]
[WhiteElo "1653"]
[BlackElo "1660"]
[PlyCount "49"]
[EventDate "2014.03.08"]

1. c4 Nf6 2. Nc3 e6 3. d4 d5 4. cxd5 exd5 5. Bg5 Be7 6. Nf3 c6 7. e3 Qb6 8. Qc1
Bf5 9. Be2 Nbd7 10. O-O h6 11. Bh4 O-O 12. a3 Rfe8 13. b4 Rac8 14. Na4 Qd8 15.
h3 b5 16. Nc5 Nxc5 17. bxc5 Ne4 18. Bxe7 Qxe7 19. Nd2 a5 20. Nxe4 Bxe4 21. Qd2
Qg5 22. g3 a4 23. Bd3 Bf3 24. Be2 Be4 25. Bd3 1/2-1/2

[Event "MCR mladeze 2014, D16"]
[Site "Kouty nad Desnou"]
[Date "2014.03.14"]
[Round "8"]
[White "Navratilova, Lenka"]
[Black "Homolkova, Ivana"]
[Result "1-0"]
[WhiteElo "1323"]
[BlackElo "1341"]
[PlyCount "93"]
[EventDate "2014.03.08"]

1. e4 e5 2. Nf3 Nc6 3. d4 exd4 4. Nxd4 Qh4 5. Nc3 Bb4 6. Nxc6 Qxe4+ 7. Qe2
Bxc3+ 8. bxc3 Qxe2+ 9. Bxe2 bxc6 10. O-O Nf6 11. Ba3 d6 12. Bf3 Nd5 13. c4 Ne7
14. Rfe1 Be6 15. Bb2 O-O 16. Bc3 Rfe8 17. Ba5 Bxc4 18. Bxc7 d5 19. Bg4 f5 20.
Bh3 Kf7 21. a3 d4 22. g3 g6 23. Bf1 Bxf1 24. Kxf1 Nd5 25. Bd6 Nc3 26. Bc5 Rxe1+
27. Kxe1 Re8+ 28. Kd2 Re2+ 29. Kd3 Re4 30. Bxd4 Nb5 31. Bc5 a5 32. a4 Re5 33.
Bb6 Rd5+ 34. Ke3 Re5+ 35. Kd3 Rd5+ 36. Ke3 Nd6 37. Ke2 Nc4 38. Be3 Nxe3 39.
Kxe3 Ke6 40. f4 h6 41. c3 g5 42. Rf1 Rc5 43. Kd4 Kd6 44. c4 g4 45. Rh1 h5 46.
h3 h4 47. gxh4 1-0

[Event "MCR mladeze 2014, D16"]
[Site "Kouty nad Desnou"]
[Date "2014.03.14"]
[Round "8"]
[White "Benesova, Martina"]
[Black "Dolezalova, Lada"]
[Result "1-0"]
[WhiteElo "1496"]
[BlackElo "1606"]
[PlyCount "45"]
[EventDate "2014.03.08"]

1. e4 e6 2. d4 d5 3. exd5 exd5 4. Bd3 Bd6 5. Nf3 Bg4 6. h3 Bh5 7. O-O Nf6 8.
Re1+ Be7 9. Qe2 Bxf3 10. Qxf3 O-O 11. Bg5 Nbd7 12. Nd2 Re8 13. c3 Bd6 14. Bf5
h6 15. Bh4 Rxe1+ 16. Rxe1 Be7 17. Qe2 Kf8 18. Qb5 Rb8 19. Bxd7 c6 20. Qa4 Qxd7
21. Qxa7 Qc7 22. Rxe7 Kxe7 23. Bg3 1-0

[Event "MCR mladeze 2014, D16"]
[Site "Kouty nad Desnou"]
[Date "2014.03.14"]
[Round "8"]
[White "Pokorna, Jana"]
[Black "Kotsyba, Olexandra"]
[Result "1-0"]
[WhiteElo "1378"]
[BlackElo "1078"]
[PlyCount "45"]
[EventDate "2014.03.08"]

1. e4 e5 2. Nf3 Nc6 3. d4 exd4 4. Nxd4 Nf6 5. Nxc6 bxc6 6. Nc3 Bb4 7. Bd3 O-O
8. O-O Bxc3 9. bxc3 d5 10. exd5 Qxd5 11. c4 Qe5 12. Ba3 Rd8 13. Bxh7+ Kxh7 14.
Qxd8 Bb7 15. Qd3+ g6 16. Rab1 Ba6 17. Bb2 Qg5 18. Qd4 Nh5 19. Rfe1 f6 20. Qd7+
Ng7 21. Qxc6 Rf8 22. Qxa6 Nf5 23. Qc6 1-0

[Event "MCR mladeze 2014, D16"]
[Site "Kouty nad Desnou"]
[Date "2014.03.15"]
[Round "9"]
[White "Fuskova, Martina"]
[Black "Navratilova, Lenka"]
[Result "1-0"]
[WhiteElo "1942"]
[BlackElo "1323"]
[PlyCount "91"]
[EventDate "2014.??.??"]

1. e4 e5 2. Nf3 Nc6 3. Bc4 Bc5 4. O-O Nf6 5. d4 Bxd4 6. Nxd4 Nxd4 7. f4 d6 8.
fxe5 dxe5 9. Bg5 Bd7 10. Nc3 c6 11. Ne2 Bg4 12. Bxf6 gxf6 13. h3 Bxe2 14. Bxe2
Qe7 15. Bg4 Rg8 16. c3 Ne6 17. Qf3 Ng5 18. Qf5 Qe6 19. Qxe6+ fxe6 20. Rxf6 Rg6
21. Raf1 Rxf6 22. Rxf6 Ke7 23. Rh6 Rh8 24. h4 Nxe4 25. Rxe6+ Kd8 26. Rxe5 Nd6
27. Re6 Nc4 28. b3 Nb6 29. c4 h6 30. Rg6 Nc8 31. Bxc8 Kxc8 32. h5 Rh7 33. Kh2
c5 34. Kg3 Kd7 35. Kg4 Ke7 36. a3 b6 37. b4 cxb4 38. axb4 Kf7 39. c5 bxc5 40.
bxc5 Ke7 41. Kf5 a5 42. Ra6 Kd8 43. Ra8+ Kc7 44. Ra7+ Kc6 45. Rxh7 Kxc5 46.
Rxh6 1-0

[Event "MCR mladeze 2014, D16"]
[Site "Kouty nad Desnou"]
[Date "2014.03.15"]
[Round "9"]
[White "Beluska, Tereza"]
[Black "Kanakova, Natalie"]
[Result "1/2-1/2"]
[WhiteElo "1660"]
[BlackElo "1886"]
[PlyCount "65"]
[EventDate "2014.??.??"]

1. e4 c5 2. Nf3 g6 3. d4 cxd4 4. Nxd4 Nc6 5. Be3 Nf6 6. Nc3 Bg7 7. f3 O-O 8. g4
Qb6 9. Na4 Qa5+ 10. Nc3 b5 11. Qd2 b4 12. Nce2 Ne5 13. Ng3 Ba6 14. Bxa6 Qxa6
15. Bh6 Qa5 16. Bxg7 Kxg7 17. b3 Qc5 18. O-O-O Qc3 19. Qxc3 bxc3 20. h3 d6 21.
f4 Ned7 22. Nc6 Nc5 23. Nxe7 Rfe8 24. Nd5 Nfxe4 25. Nxe4 Rxe4 26. Nxc3 Rxf4 27.
Rxd6 Rf3 28. Nb5 Ne4 29. Rd7 a6 30. Nd4 Rf2 31. Re7 Nc3 32. Kb2 Rc8 33. Ne6+
1/2-1/2

[Event "MCR mladeze 2014, D16"]
[Site "Kouty nad Desnou"]
[Date "2014.03.15"]
[Round "9"]
[White "Mackova, Veronika"]
[Black "Kubosova, Jana"]
[Result "0-1"]
[WhiteElo "1747"]
[BlackElo "1653"]
[PlyCount "118"]
[EventDate "2014.??.??"]

1. e4 c5 2. c3 d5 3. exd5 Qxd5 4. d4 Nc6 5. Be3 cxd4 6. cxd4 Nf6 7. Nc3 Qd6 8.
Nf3 Bg4 9. Be2 e6 10. O-O Be7 11. Nb5 Qb8 12. Rc1 Nd5 13. Bc4 Bd6 14. h3 Bh5
15. Bxd5 exd5 16. Re1 O-O 17. Bd2 a6 18. Nxd6 Qxd6 19. Bc3 f6 20. a3 Rfe8 21.
Qd3 Bg6 22. Qd2 Re4 23. Rcd1 Rae8 24. Rc1 h5 25. Nh2 Qe6 26. Nf3 Qf5 27. Rxe4
Rxe4 28. Re1 Rxe1+ 29. Qxe1 Qb1 30. Kh2 Qxe1 31. Nxe1 a5 32. Kg3 Kf7 33. Kf4 b5
34. b4 a4 35. Ke3 Ke6 36. g3 Bb1 37. Ng2 g5 38. h4 Kf5 39. f3 Kg6 40. Ke2 Bf5
41. hxg5 fxg5 42. Ne3 Ne7 43. Bb2 g4 44. Nd1 gxf3+ 45. Kf2 Nc6 46. Ke3 Na7 47.
Nc3 Be4 48. Nxe4 dxe4 49. d5 Kf5 50. Bd4 Nc8 51. Bc5 Ke5 52. Bd4+ Kxd5 53. Bc3
Nd6 54. Be1 Nc4+ 55. Kf4 Nxa3 56. Kg5 e3 57. Kxh5 f2 58. Bxf2 exf2 59. g4 f1=Q
0-1

[Event "MCR mladeze 2014, D16"]
[Site "Kouty nad Desnou"]
[Date "2014.03.15"]
[Round "9"]
[White "Kubosova, Hana"]
[Black "Nova, Michaela"]
[Result "1-0"]
[WhiteElo "1509"]
[BlackElo "1640"]
[PlyCount "134"]
[EventDate "2014.??.??"]

1. c4 e5 2. Nc3 Nf6 3. g3 Bb4 4. Bg2 Bxc3 5. bxc3 d6 6. Nf3 Nbd7 7. d3 O-O 8.
O-O Rb8 9. e4 b6 10. Nh4 Nc5 11. Qe2 Re8 12. Be3 Bd7 13. h3 Qe7 14. Rae1 b5 15.
cxb5 Rxb5 16. Nf5 Qf8 17. Rb1 Reb8 18. Qc2 Kh8 19. Rxb5 Rxb5 20. Rb1 Qb8 21.
Rxb5 Qxb5 22. Bxc5 Qxc5 23. Qb3 Be8 24. Qb4 Qb6 25. Ne3 Kg8 26. Nc4 Qxb4 27.
cxb4 Bb5 28. f3 Nd7 29. Kf2 Kf8 30. Ke3 Nb8 31. Na3 Bd7 32. Nc2 Ba4 33. Ne1 Nc6
34. a3 Nd4 35. f4 Nb5 36. Bf1 Nxa3 37. d4 exf4+ 38. gxf4 Nc2+ 39. Nxc2 Bxc2 40.
Bc4 Ba4 41. e5 Bd7 42. h4 Bf5 43. d5 Ke7 44. Bd3 Bg4 45. Kd4 h6 46. Kc4 Bd7 47.
Be4 a6 48. Kd4 dxe5+ 49. fxe5 g5 50. hxg5 hxg5 51. Bd3 Bc8 52. Ke4 Kf8 53. Bc4
Kg7 54. Be2 f5+ 55. Kf3 Kf7 56. Bc4 Kg6 57. Bd3 Bb7 58. Bc4 Ba8 59. Kg3 Bb7 60.
Kf3 Kg7 61. Kg3 Kg6 62. Kf3 Bc8 63. Kg3 f4+ 64. Kf2 Kf5 65. e6 Kf6 66. Kf3 Bb7
67. Kg4 Bc8 1-0

[Event "MCR mladeze 2014, D16"]
[Site "Kouty nad Desnou"]
[Date "2014.03.15"]
[Round "9"]
[White "Hartingerova, Martina"]
[Black "Janska, Jitka"]
[Result "1/2-1/2"]
[WhiteElo "1458"]
[BlackElo "1954"]
[PlyCount "72"]
[EventDate "2014.??.??"]

1. d4 d5 2. c4 e6 3. cxd5 exd5 4. Nc3 Nf6 5. Bg5 Be7 6. Nf3 c6 7. e3 O-O 8. Bd3
Re8 9. O-O Nbd7 10. Rb1 a5 11. a3 Ne4 12. Bf4 Ndf6 13. Qc2 Nxc3 14. Qxc3 Nh5
15. Bg3 Nxg3 16. hxg3 Bd6 17. b4 axb4 18. axb4 Qf6 19. Rfc1 Bd7 20. b5 Ra3 21.
Rb3 Rxb3 22. Qxb3 Qe7 23. bxc6 bxc6 24. Ra1 Rb8 25. Qc2 g6 26. Ra7 Qd8 27. Nd2
Ra8 28. Qa2 Rxa7 29. Qxa7 Qc7 30. Qxc7 Bxc7 31. Bc2 Kf8 32. Nb3 Ke7 33. Nc5 Bb6
34. Nd3 Bf5 35. Nb4 Bxc2 36. Nxc2 Ba5 1/2-1/2

[Event "MCR mladeze 2014, D16"]
[Site "Kouty nad Desnou"]
[Date "2014.03.15"]
[Round "9"]
[White "Bohanesova, Vendula"]
[Black "Pychova, Nela"]
[Result "1/2-1/2"]
[WhiteElo "1651"]
[BlackElo "1990"]
[PlyCount "35"]
[EventDate "2014.??.??"]

1. d4 d5 2. Nc3 Nf6 3. Bg5 Bf5 4. e3 Nbd7 5. Bd3 Bxd3 6. Qxd3 c6 7. Nf3 Qa5 8.
O-O e6 9. Ne5 Bb4 10. f3 O-O 11. Ne2 Bd6 12. f4 c5 13. c3 Bxe5 14. fxe5 Ne4 15.
Bh4 f6 16. exf6 Ndxf6 17. Bxf6 Rxf6 18. Rxf6 1/2-1/2

[Event "MCR mladeze 2014, D16"]
[Site "Kouty nad Desnou"]
[Date "2014.03.15"]
[Round "9"]
[White "Homolkova, Ivana"]
[Black "Suchomelova, Simona"]
[Result "0-1"]
[WhiteElo "1341"]
[BlackElo "1818"]
[PlyCount "74"]
[EventDate "2014.??.??"]

1. e4 e5 2. Nf3 Nc6 3. Bc4 Nf6 4. Ng5 d5 5. exd5 Na5 6. Bb5+ Bd7 7. Qe2 Be7 8.
Nc3 O-O 9. Qxe5 Bd6 10. Qd4 Bxb5 11. Nxb5 Qe8+ 12. Ne4 Qxe4+ 13. Qxe4 Nxe4 14.
d3 a6 15. Nxd6 Nxd6 16. b4 Nac4 17. dxc4 Nxc4 18. O-O Rad8 19. Bf4 Rxd5 20.
Bxc7 Rd2 21. c3 Re8 22. Rfd1 Ree2 23. Rxd2 Rxd2 24. Re1 f6 25. Kf1 Rxa2 26. Re2
Ra1+ 27. Re1 Nd2+ 28. Ke2 Rxe1+ 29. Kxe1 Nb1 30. c4 Na3 31. Kd2 Nxc4+ 32. Kd3
Na3 33. Kd4 Nb5+ 34. Kc5 Nxc7 35. Kb6 Nd5+ 36. Kxb7 Nxb4 37. Kb6 Kf7 0-1

[Event "MCR mladeze 2014, D16"]
[Site "Kouty nad Desnou"]
[Date "2014.03.15"]
[Round "9"]
[White "Tajovska, Martina"]
[Black "Kotsyba, Olexandra"]
[Result "1-0"]
[WhiteElo "1575"]
[BlackElo "1078"]
[PlyCount "91"]
[EventDate "2014.??.??"]

1. e4 e5 2. Bc4 Nf6 3. Nc3 Nc6 4. d3 Bb4 5. Bg5 h6 6. Bh4 O-O 7. Nge2 d6 8. h3
Be6 9. Bb3 Bxb3 10. axb3 Bxc3+ 11. bxc3 Qe7 12. O-O Qe6 13. f4 Nh7 14. fxe5
dxe5 15. Qe1 Qg6 16. Kh2 f5 17. Ng3 fxe4 18. Nxe4 Rxf1 19. Qxf1 Rf8 20. Qe2 Ng5
21. Nxg5 hxg5 22. Qg4 Rf5 23. Bg3 a6 24. Re1 Qf6 25. Re3 Ne7 26. Qc4+ Kh7 27.
Qe4 Nc6 28. Rf3 g6 29. Qd5 Rxf3 30. gxf3 b6 31. Qd7+ Ne7 32. Qxc7 Kh6 33. Qxe5
Qxe5 34. Bxe5 Nd5 35. Bd4 b5 36. c4 bxc4 37. dxc4 Nb4 38. c3 Nc6 39. b4 a5 40.
bxa5 Nxa5 41. c5 Nc6 42. Kg3 Kh5 43. Bf6 Na5 44. f4 gxf4+ 45. Kxf4 Nc6 46. h4
1-0

[Event "MCR mladeze 2014, D16"]
[Site "Kouty nad Desnou"]
[Date "2014.03.15"]
[Round "9"]
[White "Benesova, Martina"]
[Black "Novotna, Barbora"]
[Result "1-0"]
[WhiteElo "1496"]
[BlackElo "1546"]
[PlyCount "107"]
[EventDate "2014.??.??"]

1. e4 e5 2. Nf3 Nc6 3. Bc4 Nf6 4. d3 Bc5 5. c3 d6 6. h3 O-O 7. O-O Be6 8. Bb3
h6 9. Nbd2 d5 10. exd5 Bxd5 11. Bc2 Re8 12. Re1 e4 13. dxe4 Bxe4 14. b4 Bxc2
15. Rxe8+ Qxe8 16. Qxc2 Bb6 17. Bb2 Qe2 18. Rf1 Nh5 19. Qe4 Re8 20. Qg4 Nf6 21.
Qg3 Ne5 22. Nxe5 Rxe5 23. Nf3 Rd5 24. c4 Nh5 25. Qh4 Rd1 26. Rxd1 Qxd1+ 27. Kh2
Qd6+ 28. Be5 Qxb4 29. Qxh5 Qxc4 30. Qg4 Qxg4 31. hxg4 Kf8 32. Bd4 Bxd4 33. Nxd4
c5 34. Nc2 b5 35. f4 a5 36. Na3 b4 37. Nc4 a4 38. Kg3 Ke7 39. Kf3 Ke6 40. Ke4
g6 41. g3 f5+ 42. gxf5+ gxf5+ 43. Kd3 a3 44. Kc2 Kd5 45. Kb3 h5 46. Ne5 Kd4 47.
Nc6+ Kd5 48. Ne7+ Ke6 49. Ng6 Kf6 50. Nh4 Ke6 51. Kc4 Kf6 52. Nf3 Ke6 53. Nd2
Kd6 54. Nb3 1-0

[Event "MCR mladeze 2014, D16"]
[Site "Kouty nad Desnou"]
[Date "2014.03.15"]
[Round "9"]
[White "Dolezalova, Lada"]
[Black "Pokorna, Jana"]
[Result "1/2-1/2"]
[WhiteElo "1606"]
[BlackElo "1378"]
[PlyCount "48"]
[EventDate "2014.??.??"]

1. e4 e5 2. Nf3 Nc6 3. Bc4 Bc5 4. d3 h6 5. Be3 Bb6 6. O-O Nf6 7. Re1 d6 8. Bxb6
axb6 9. d4 exd4 10. Nxd4 O-O 11. Nc3 Re8 12. a3 Na5 13. Ba2 Nc6 14. Qd2 Nxd4
15. Qxd4 Be6 16. Nd5 Nxd5 17. Bxd5 Bxd5 18. Qxd5 Rb8 19. Rad1 Re5 20. Qd3 Qe7
21. Re3 Re8 22. Rde1 Qe6 23. b3 Qe7 24. f4 Rh5 1/2-1/2

[Event "MCR mladeze 2014, H10"]
[Site "Kouty nad Desnou"]
[Date "2014.03.08"]
[Round "1"]
[White "Pribyl, Viktor"]
[Black "Neumann, Filip"]
[Result "0-1"]
[WhiteElo "1479"]
[BlackElo "1370"]
[PlyCount "78"]
[EventDate "2014.??.??"]

1. d4 Nf6 2. c4 e6 3. Nc3 Bb4 4. Qc2 Bxc3+ 5. Qxc3 d5 6. Nf3 O-O 7. Bg5 c6 8.
e3 Ne4 9. Bxd8 Nxc3 10. Bh4 Ne4 11. Bd3 Nd7 12. O-O Nef6 13. Rac1 dxc4 14. Bxc4
Nd5 15. e4 N5b6 16. Bb3 Re8 17. Bg3 Nf6 18. Rfe1 Kf8 19. Bd6+ Kg8 20. a4 h6 21.
a5 Nbd7 22. Ba2 Nf8 23. Ne5 Rd8 24. Bc5 N6d7 25. Nxd7 Nxd7 26. Bd6 Nf8 27. Bc5
Nd7 28. Be7 Re8 29. Bd6 e5 30. Rc3 exd4 31. Rf3 Nf6 32. e5 Be6 33. Bxe6 Rxe6
34. Rd1 Ne4 35. Bb4 c5 36. Ba3 Rxe5 37. Re1 Rae8 38. Rd1 Nd2 39. Rf1 Nxf1 0-1

[Event "MCR mladeze 2014, H10"]
[Site "Kouty nad Desnou"]
[Date "2014.03.08"]
[Round "1"]
[White "Faja, Vilem"]
[Black "Nemecek, Lukas"]
[Result "1-0"]
[WhiteElo "1382"]
[BlackElo "1281"]
[PlyCount "73"]
[EventDate "2014.03.08"]

1. d4 d5 2. Nf3 Nf6 3. h3 Bf5 4. e3 Nbd7 5. Bd3 Bxd3 6. Qxd3 e6 7. Nbd2 c5 8.
b3 Rc8 9. Bb2 Be7 10. O-O O-O 11. Rac1 Nb6 12. c4 Nfd7 13. e4 dxe4 14. Qxe4 Qc7
15. Qg4 Nf6 16. Qg3 Qxg3 17. fxg3 Rfd8 18. Ba3 Rd7 19. Rfe1 Bd6 20. dxc5 Bxc5+
21. Bxc5 Rxc5 22. Rcd1 Rcc7 23. Ne5 Rd8 24. Ne4 Rxd1 25. Rxd1 Nfd7 26. c5 Nd5
27. Nxd7 Rxd7 28. Nc3 Kf8 29. Kf2 Ke7 30. Nxd5+ exd5 31. Ke3 f5 32. Kd4 Kf6 33.
Re1 g6 34. Re5 g5 35. Rxd5 Rxd5+ 36. Kxd5 Ke7 37. Ke5 1-0

[Event "MCR mladeze 2014, H10"]
[Site "Kouty nad Desnou"]
[Date "2014.03.08"]
[Round "1"]
[White "Barak, David"]
[Black "Oplustil, Pavel"]
[Result "1-0"]
[WhiteElo "1273"]
[BlackElo "1382"]
[PlyCount "131"]
[EventDate "2014.03.08"]

1. d4 d5 2. Bg5 Nf6 3. Bxf6 exf6 4. e3 Nc6 5. c4 Be6 6. c5 Be7 7. Be2 O-O 8.
Nf3 b6 9. cxb6 axb6 10. Nc3 Bb4 11. Qb3 Be7 12. O-O Qd7 13. Bd3 Bd6 14. Nb5 Be7
15. Rfc1 Na5 16. Qc2 c5 17. dxc5 bxc5 18. Nc3 c4 19. Be2 Rfd8 20. Nd4 Bg4 21.
Rd1 Bb4 22. Bxg4 Qxg4 23. Qe2 Qxe2 24. Ndxe2 Bxc3 25. Nxc3 d4 26. exd4 Nc6 27.
Ne2 Nb4 28. a3 Nc6 29. Rac1 Na5 30. Rc2 Kf8 31. Kf1 Ke7 32. Nc3 Nb3 33. Ne2
Rac8 34. a4 Ke6 35. g3 Kf5 36. Nf4 Rxd4 37. Rxd4 Nxd4 38. Rc3 Ke5 39. Ne2 Nxe2
40. Kxe2 Kd4 41. f3 Rb8 42. Rc2 Rb4 43. h4 Rxa4 44. Rd2+ Ke5 45. Rd7 Ke6 46.
Rb7 Ra2 47. Kd2 Ra1 48. Rc7 Rg1 49. g4 Rg2+ 50. Ke3 Rxb2 51. Rxc4 Rb3+ 52. Ke4
Kd6 53. Rd4+ Ke6 54. Rd3 Rxd3 55. Kxd3 Ke5 56. Ke3 f5 57. f4+ Ke6 58. g5 f6 59.
gxf6 Kxf6 60. h5 h6 61. Kf3 g6 62. hxg6 Kxg6 63. Kg3 Kf6 64. Kh4 Ke6 65. Kh5
Kd6 66. Kxh6 1-0

[Event "MCR mladeze 2014, H10"]
[Site "Kouty nad Desnou"]
[Date "2014.03.08"]
[Round "1"]
[White "Mica, Marek"]
[Black "Janouch, Jachym Stepan"]
[Result "1/2-1/2"]
[WhiteElo "1369"]
[BlackElo "1270"]
[PlyCount "43"]
[EventDate "2014.03.08"]

1. d4 d5 2. c4 c6 3. Nc3 Nf6 4. Nf3 Bg4 5. Bf4 Nbd7 6. e3 e6 7. h3 Bxf3 8. Qxf3
Bb4 9. Qd1 Ne4 10. Rc1 Ndf6 11. f3 Nxc3 12. bxc3 Bd6 13. Bxd6 Qxd6 14. Kf2 O-O
15. c5 Qc7 16. Qb3 b5 17. Bd3 Rfb8 18. Rc2 a5 19. a4 b4 20. c4 Qd7 21. g4 h6
22. h4 1/2-1/2

[Event "MCR mladeze 2014, H10"]
[Site "Kouty nad Desnou"]
[Date "2014.03.09"]
[Round "2"]
[White "Hofman, Krystof"]
[Black "Frank, Adam"]
[Result "1-0"]
[WhiteElo "1320"]
[BlackElo "1417"]
[PlyCount "24"]
[EventDate "2014.03.08"]

1. e4 e5 2. Nf3 Nc6 3. Bc4 Nf6 4. d3 Bc5 5. Nc3 d6 6. O-O Bg4 7. Be3 Bd4 8. Qe2
O-O 9. h3 Bh5 10. Rab1 Nd5 11. Bxd5 Bxe3 12. fxe3 Rb8 {necitelny zapis} 1-0

[Event "MCR mladeze 2014, H10"]
[Site "Kouty nad Desnou"]
[Date "2014.03.09"]
[Round "2"]
[White "Oplustil, Pavel"]
[Black "Vojta, Jakub"]
[Result "0-1"]
[WhiteElo "1382"]
[BlackElo "1328"]
[PlyCount "58"]
[EventDate "2014.03.08"]

1. e4 d5 2. exd5 Nf6 3. d4 Nxd5 4. Nf3 Bg4 5. Be2 e6 6. O-O Be7 7. c4 Nf6 8.
Nc3 O-O 9. Bd3 c6 10. Bf4 Bxf3 11. gxf3 Kh8 12. Bc2 Nbd7 13. Bd3 Rg8 14. Ne4
Nf8 15. Kh1 Nh5 16. Bd2 Ng6 17. Rg1 e5 18. Ng5 Bxg5 19. Rxg5 Nhf4 20. Bxf4 exf4
21. Rc1 Re8 22. Rh5 Qf6 23. Rf5 Qe6 24. Rxf4 Rad8 25. Rh4 Rxd4 26. Qb3 Re7 27.
Rf4 Qd6 28. c5 Qd7 29. Rh4 Kg8 {necitelny zapis} 0-1

[Event "MCR mladeze 2014, H10"]
[Site "Kouty nad Desnou"]
[Date "2014.03.09"]
[Round "2"]
[White "Nemecek, Lukas"]
[Black "Svanda, Adam"]
[Result "1-0"]
[WhiteElo "1281"]
[BlackElo "1367"]
[PlyCount "63"]
[EventDate "2014.03.08"]

1. e4 c6 2. d4 d5 3. exd5 cxd5 4. c4 Nf6 5. Nc3 e6 6. Nf3 Bb4 7. Bd2 O-O 8. Qc2
b6 9. Bd3 h6 10. g4 Bxc3 11. Qxc3 dxc4 12. Qxc4 Ba6 13. Qc3 Bxd3 14. Qxd3 Nxg4
15. Rg1 h5 16. h3 f5 17. hxg4 hxg4 18. Ne5 Qe8 19. Rh1 Nc6 20. O-O-O Nxe5 21.
dxe5 Qc6+ 22. Kb1 Rad8 23. Qe3 f4 24. Qe2 f3 25. Qe3 Rf5 26. Rdg1 Qc5 27. Rxg4
Qxe3 28. Bxe3 Rxe5 29. Rhg1 Rc8 30. Rxg7+ Kh8 31. Bd4 Rh5 32. Rc7+ 1-0

[Event "MCR mladeze 2014, H10"]
[Site "Kouty nad Desnou"]
[Date "2014.03.09"]
[Round "2"]
[White "Prazak, Viktor"]
[Black "Jun, Rudolf"]
[Result "0-1"]
[WhiteElo "1354"]
[BlackElo "1311"]
[PlyCount "76"]
[EventDate "2014.03.08"]

1. e4 c5 2. Nf3 e6 3. d4 cxd4 4. Nxd4 a6 5. Bd3 Qc7 6. O-O d6 7. Bd2 Bd7 8. c4
g6 9. Nc3 Bg7 10. Nb3 Ne7 11. Be3 Nbc6 12. f4 O-O 13. Qd2 Rac8 14. Rac1 f5 15.
Rfd1 e5 16. Nd5 Nxd5 17. cxd5 Qd8 18. dxc6 Bxc6 19. exf5 gxf5 20. fxe5 dxe5 21.
Bh6 Qh4 22. Bxg7 Kxg7 23. Qf2 Qf6 24. Qg3+ Kh8 25. Rd2 Bd5 26. Rxc8 Rxc8 27.
Rf2 f4 28. Qh3 Rc7 29. g3 Bxb3 30. axb3 e4 31. Bxe4 Rc1+ 32. Kg2 h6 33. Qf5 Qg7
34. Rxf4 Qxb2+ 35. Rf2 Qg7 36. Qf8+ Qxf8 37. Rxf8+ Kg7 38. Rb8 {necitelny zapis
} Rc6 0-1

[Event "MCR mladeze 2014, H10"]
[Site "Kouty nad Desnou"]
[Date "2014.03.10"]
[Round "3"]
[White "Neumann, Filip"]
[Black "Stalmach, Richard"]
[Result "1/2-1/2"]
[WhiteElo "1370"]
[BlackElo "1601"]
[PlyCount "82"]
[EventDate "2014.??.??"]

1. e4 e6 2. d4 d5 3. Nd2 c5 4. exd5 Qxd5 5. Ngf3 cxd4 6. Bc4 Qd6 7. O-O Nf6 8.
Nb3 Nc6 9. Nbxd4 Nxd4 10. Qxd4 Qxd4 11. Nxd4 a6 12. Bf4 Bc5 13. Rad1 O-O 14.
Rfe1 b5 15. Bf1 Bb7 16. Nb3 Bb6 17. Be3 Bxe3 18. Rxe3 Nd5 19. Re2 Rac8 20. c3
Rfd8 21. Red2 e5 22. Na5 Ba8 23. c4 bxc4 24. Bxc4 Rd6 25. Bxd5 Rxd5 26. Rxd5
Bxd5 27. Nb3 Bxb3 28. axb3 f6 29. g3 Rc2 30. Ra1 Rxb2 31. Rxa6 Rxb3 32. Ra7 h6
33. Kg2 Kh7 34. Kh3 h5 35. Rc7 Kh6 36. Rc6 Kg5 37. Rc4 f5 38. Rc5 e4 39. Kg2
Rf3 40. h4+ Kg4 41. Rc6 f4 1/2-1/2

[Event "MCR mladeze 2014, H10"]
[Site "Kouty nad Desnou"]
[Date "2014.03.10"]
[Round "3"]
[White "Nytra, Ondrej"]
[Black "Gnojek, Petr"]
[Result "0-1"]
[WhiteElo "1452"]
[BlackElo "1596"]
[PlyCount "60"]
[EventDate "2014.??.??"]

1. e4 e6 2. d4 d5 3. e5 c5 4. c3 Nc6 5. Nf3 Qb6 6. Be2 Bd7 7. O-O O-O-O 8. dxc5
Bxc5 9. b4 Be7 10. a4 Qc7 11. a5 Nxe5 12. Nd4 Nf6 13. b5 Bc5 14. Bf4 Nf3+ 15.
Bxf3 Qxf4 16. b6 a6 17. Nb3 Bd6 18. g3 Qg5 19. Qd4 e5 20. Qd1 e4 21. Be2 Bh3
22. Re1 h5 23. c4 Bb4 24. Qc2 Bxe1 25. cxd5+ Kb8 26. Qc7+ Ka8 27. Bxa6 Qxd5 28.
Nc5 Bxf2+ 29. Kxf2 Qd4+ 30. Ke1 Qg1+ 0-1

[Event "MCR mladeze 2014, H10"]
[Site "Kouty nad Desnou"]
[Date "2014.03.10"]
[Round "3"]
[White "Mach, Petr"]
[Black "Hofman, Krystof"]
[Result "1-0"]
[WhiteElo "1290"]
[BlackElo "1320"]
[PlyCount "93"]
[EventDate "2014.03.08"]

1. e4 c5 2. Nf3 d6 3. d4 cxd4 4. Nxd4 Nf6 5.
Nc3 g6 6. Bd3 Bg7 7. O-O O-O 8. Be3 Ng4 9. Nf3 Nxe3 10. fxe3 Nc6 11. h3 Bd7 12.
Qd2 Rc8 13. Rab1 Qb6 14. Na4 Qd8 15. Nc3 Na5 16. Nd5 Nc4 17. Bxc4 Rxc4 18. Qd3
Rc6 19. Nd4 Rc8 20. c3 e6 21. Nb4 a5 22. Nbc2 Qe7 23. Nb5 Bxb5 24. Qxb5 Rc5 25.
Qd3 Rfc8 26. Nd4 a4 27. Nb5 Be5 28. Rbd1 Qf8 29. Nd4 Bxd4 30. exd4 Rc4 31. Rde1
b5 32. b3 axb3 33. axb3 R4c6 34. Rf3 b4 35. c4 d5 36. exd5 exd5 37. Rf2 dxc4
38. bxc4 Rb8 39. Rb2 Qd6 40. c5 Qd5 41. Qd2 b3 42. Qc3 Qd7 43. Kf2 Qf5+ 44. Qf3
Qxf3+ 45. Kxf3 Kg7 46. Ke3 Kf6 47. Kd3 {necitelny zapis} 1-0